<?xml version="1.0" encoding="UTF-8"?>
<record
    xmlns:xsi="http://www.w3.org/2001/XMLSchema-instance"
    xsi:schemaLocation="http://www.loc.gov/MARC21/slim http://www.loc.gov/standards/marcxml/schema/MARC21slim.xsd"
    xmlns="http://www.loc.gov/MARC21/slim">

  <leader>00357nam a22001337a 4500</leader>
  <datafield tag="020" ind1=" " ind2=" ">
    <subfield code="a">9781111640125</subfield>
  </datafield>
  <datafield tag="082" ind1=" " ind2=" ">
    <subfield code="a">005.8</subfield>
    <subfield code="b">CIA</subfield>
  </datafield>
  <datafield tag="100" ind1=" " ind2=" ">
    <subfield code="a">Ciampa, Mark </subfield>
  </datafield>
  <datafield tag="245" ind1=" " ind2=" ">
    <subfield code="a">Security+ Guide to Network Security Fundamentals /</subfield>
    <subfield code="c">Mark Ciampa</subfield>
  </datafield>
  <datafield tag="250" ind1=" " ind2=" ">
    <subfield code="8">4th Edition.</subfield>
  </datafield>
  <datafield tag="260" ind1=" " ind2=" ">
    <subfield code="b">Cengage Learning, </subfield>
    <subfield code="c">2011.</subfield>
  </datafield>
  <datafield tag="300" ind1=" " ind2=" ">
    <subfield code="a">xxvi, 608p. ;</subfield>
  </datafield>
  <datafield tag="942" ind1=" " ind2=" ">
    <subfield code="2">ddc</subfield>
    <subfield code="c">BK</subfield>
  </datafield>
  <datafield tag="999" ind1=" " ind2=" ">
    <subfield code="c">615076</subfield>
    <subfield code="d">615076</subfield>
  </datafield>
  <datafield tag="952" ind1=" " ind2=" ">
    <subfield code="0">0</subfield>
    <subfield code="1">0</subfield>
    <subfield code="2">ddc</subfield>
    <subfield code="4">0</subfield>
    <subfield code="6">005_800000000000000_CIA</subfield>
    <subfield code="7">0</subfield>
    <subfield code="9">642785</subfield>
    <subfield code="a">CL</subfield>
    <subfield code="b">CL</subfield>
    <subfield code="c">LC</subfield>
    <subfield code="d">2025-10-06</subfield>
    <subfield code="l">0</subfield>
    <subfield code="o">005.8 CIA</subfield>
    <subfield code="p">LC-492</subfield>
    <subfield code="r">2025-10-06</subfield>
    <subfield code="w">2025-10-06</subfield>
    <subfield code="y">BK</subfield>
  </datafield>
</record>
